<?xml version="1.0" encoding="UTF-8"?>
<collection xmlns="http://www.loc.gov/MARC21/slim">
 <record>
  <leader>01875aam a22004938a 4500</leader>
  <controlfield tag="001">000020714</controlfield>
  <controlfield tag="003">17161</controlfield>
  <controlfield tag="005">20150331150310.0</controlfield>
  <controlfield tag="008">150325s2014                        viesd</controlfield>
  <datafield tag="020" ind1=" " ind2=" ">
   <subfield code="d">2000b</subfield>
  </datafield>
  <datafield tag="041" ind1="0" ind2=" ">
   <subfield code="a">vie</subfield>
  </datafield>
  <datafield tag="082" ind1="0" ind2="4">
   <subfield code="2">23</subfield>
   <subfield code="a">398.908995919</subfield>
   <subfield code="b">HO-Â</subfield>
  </datafield>
  <datafield tag="100" ind1="1" ind2=" ">
   <subfield code="a">Hoàng Triều Ân</subfield>
  </datafield>
  <datafield tag="245" ind1="1" ind2="0">
   <subfield code="a">Thành ngữ - tục ngữ ca dao dân tộc Tày</subfield>
   <subfield code="c">S.t., b.s.: Hoàng Triều Ân, Hoàng Quyết</subfield>
  </datafield>
  <datafield tag="260" ind1=" " ind2=" ">
   <subfield code="a">H.</subfield>
   <subfield code="b">Văn hoá Thông tin</subfield>
   <subfield code="c">2014</subfield>
  </datafield>
  <datafield tag="300" ind1=" " ind2=" ">
   <subfield code="a">710 tr.</subfield>
   <subfield code="c">21 cm.</subfield>
  </datafield>
  <datafield tag="500" ind1=" " ind2=" ">
   <subfield code="a">ĐTTS ghi: Hội Văn nghệ dân gian Việt Nam</subfield>
  </datafield>
  <datafield tag="504" ind1=" " ind2=" ">
   <subfield code="a">Thư mục tr.709-710</subfield>
  </datafield>
  <datafield tag="650" ind1="0" ind2="4">
   <subfield code="a">Thành ngữ</subfield>
   <subfield code="x">Dân tộc Tày</subfield>
  </datafield>
  <datafield tag="650" ind1="0" ind2="4">
   <subfield code="2">Bộ TK TVQG</subfield>
   <subfield code="a">Văn học dân gian</subfield>
   <subfield code="x">Dân tộc Tày</subfield>
   <subfield code="z">Việt Nam</subfield>
  </datafield>
  <datafield tag="650" ind1="0" ind2="4">
   <subfield code="2">Bộ TK TVQG</subfield>
   <subfield code="a">Tục ngữ</subfield>
   <subfield code="x">Dân tộc Tày</subfield>
  </datafield>
  <datafield tag="650" ind1="0" ind2="4">
   <subfield code="a">Ca dao</subfield>
   <subfield code="x">Dân tộc Tày</subfield>
  </datafield>
  <datafield tag="651" ind1=" " ind2="7">
   <subfield code="2">Bộ TK TVQG</subfield>
   <subfield code="a">Việt Nam</subfield>
  </datafield>
  <datafield tag="653" ind1=" " ind2=" ">
   <subfield code="a">Dân tộc Tày</subfield>
  </datafield>
  <datafield tag="653" ind1=" " ind2=" ">
   <subfield code="a">Văn học dân gian</subfield>
  </datafield>
  <datafield tag="653" ind1=" " ind2=" ">
   <subfield code="a">Thành ngữ</subfield>
  </datafield>
  <datafield tag="653" ind1=" " ind2=" ">
   <subfield code="a">Ca dao</subfield>
  </datafield>
  <datafield tag="653" ind1=" " ind2=" ">
   <subfield code="a">Tục ngữ</subfield>
  </datafield>
  <datafield tag="655" ind1=" " ind2="7">
   <subfield code="2">Bộ TK TVQG</subfield>
   <subfield code="a">Ca dao</subfield>
  </datafield>
  <datafield tag="655" ind1=" " ind2="7">
   <subfield code="2">Bộ TK TVQG</subfield>
   <subfield code="a">Thành ngữ</subfield>
  </datafield>
  <datafield tag="655" ind1=" " ind2="7">
   <subfield code="2">Bộ TK TVQG</subfield>
   <subfield code="a">Tục ngữ</subfield>
  </datafield>
  <datafield tag="700" ind1="1" ind2=" ">
   <subfield code="a">Hoàng Quyết</subfield>
   <subfield code="e">s.t., b.s.</subfield>
  </datafield>
  <datafield tag="OWN" ind1=" " ind2=" ">
   <subfield code="a">LSP</subfield>
  </datafield>
  <datafield tag="AVA" ind1=" " ind2=" ">
   <subfield code="a">UDN50</subfield>
   <subfield code="b">LNN</subfield>
   <subfield code="d">895.922 HO-Q</subfield>
   <subfield code="e">available</subfield>
   <subfield code="t">Error 5001 Not defined in file expand_doc_bib_avail.</subfield>
   <subfield code="f">1</subfield>
   <subfield code="g">0</subfield>
   <subfield code="h">N</subfield>
   <subfield code="i">0</subfield>
  </datafield>
  <datafield tag="AVA" ind1=" " ind2=" ">
   <subfield code="a">UDN50</subfield>
   <subfield code="b">LSP</subfield>
   <subfield code="d">398.908995919 HO-Â</subfield>
   <subfield code="e">available</subfield>
   <subfield code="t">Error 5001 Not defined in file expand_doc_bib_avail.</subfield>
   <subfield code="f">1</subfield>
   <subfield code="g">0</subfield>
   <subfield code="h">N</subfield>
   <subfield code="i">0</subfield>
   <subfield code="k">1</subfield>
  </datafield>
  <datafield tag="999" ind1=" " ind2=" ">
   <subfield code="a">From the UDN01</subfield>
  </datafield>
  <datafield tag="AVA" ind1=" " ind2=" ">
   <subfield code="a">UDN50</subfield>
   <subfield code="b">LNN</subfield>
   <subfield code="d">895.922 HO-Q</subfield>
   <subfield code="e">available</subfield>
   <subfield code="t">Error 5001 Not defined in file expand_doc_bib_avail.</subfield>
   <subfield code="f">1</subfield>
   <subfield code="g">0</subfield>
   <subfield code="h">N</subfield>
   <subfield code="i">0</subfield>
  </datafield>
  <datafield tag="AVA" ind1=" " ind2=" ">
   <subfield code="a">UDN50</subfield>
   <subfield code="b">LSP</subfield>
   <subfield code="d">398.908995919 HO-Â</subfield>
   <subfield code="e">available</subfield>
   <subfield code="t">Error 5001 Not defined in file expand_doc_bib_avail.</subfield>
   <subfield code="f">1</subfield>
   <subfield code="g">0</subfield>
   <subfield code="h">N</subfield>
   <subfield code="i">0</subfield>
   <subfield code="k">1</subfield>
  </datafield>
  <datafield tag="TYP" ind1=" " ind2=" ">
   <subfield code="a">Monograph</subfield>
  </datafield>
  <datafield tag="TYP" ind1=" " ind2=" ">
   <subfield code="a">Printed language</subfield>
  </datafield>
  <datafield tag="980" ind1=" " ind2=" ">
   <subfield code="a">Mạng thư viện Đại học Đà Nẵng</subfield>
  </datafield>
 </record>
</collection>
